00802nam a2200229 u 450000100100000000500170001000800410002702000150006804100100008308200190009310000210011224501510013325000120028426000410029630000100033753400880034765000330043565000190046865000170048770000380050470000300054200005680820200120223328.0130621s2005 sp a br 000 0 spa d a84241217750 a//spa04a788.3bP142211 aPaker, Josephine10aLas flautas tienen agujeros :by otras preguntas sobre música /cJosephine Paker ; traducción Marisa Rodríguez Pérez y Ruth Villa Pérez. a4a. ed. aLeón (España) :bEverest,c2005. a32 p. tI wonder ehy flutes have holes and other questions about musicpTítulo original :17aInstrumentos de viento2LEMB27aMúsica2LEMB27aFlauta2LEMB1 aRodríguez Pérez, Marisa,etr.1 aVilla Pérez, Ruth,etr.